E.U. policies: education
Saved in:
| Format: | Book |
|---|---|
| Language: | English |
| Published: |
Bratislava
Economic University, Faculty of National Economy
1996
|
| Subjects: | |
| Tags: |
No Tags, Be the first to tag this record!
|
MARC
| LEADER | 00000nam$a2200000$$$4500 | ||
|---|---|---|---|
| 001 | 0034957 | ||
| 005 | 20240111124958.9 | ||
| 041 | 0 | |a eng | |
| 044 | |a SK | ||
| 245 | 1 | 0 | |a E.U. policies: education |
| 264 | 1 | |a Bratislava |b Economic University, Faculty of National Economy |c 1996 | |
| 300 | |a 92 s. | ||
| 610 | 2 | 0 | |a vzdelanie vysokoškolské |
| 610 | 2 | 0 | |a univerzity |
| 610 | 2 | 0 | |a školy vysoké |
| 610 | 2 | 0 | |a spolupráca medzinárodná |
| 610 | 2 | 0 | |a reformy |
| 610 | 2 | 0 | |a integrácia ekonomická medzinárodná |
| 610 | 2 | 0 | |a Európska únia |
| 610 | 2 | 0 | |a Rada Európy |